AVANCES, EXPERIENCIA INTERNACIONAL Y RETOS DE LOS SISTEMAS DE AHORRO PARA EL RETIRO : (Registro nro. 49001)
[ vista simple ]
| 000 -LEADER | |
|---|---|
| fixed length control field | 01191nam a2200193 a 4500 |
| 001 - CONTROL NUMBER | |
| control field | 49001 |
| 005 - DATE AND TIME OF LATEST TRANSACTION | |
| control field | 20180714033522.0 |
| 008 - FIXED-LENGTH DATA ELEMENTS--GENERAL INFORMATION | |
| fixed length control field | 140415s2006 mx 000 0 spa d |
| 020 ## - INTERNATIONAL STANDARD BOOK NUMBER | |
| International Standard Book Number | 9689080008 |
| 041 ## - LANGUAGE CODE | |
| Language code of text/sound track or separate title | spa |
| 082 ## - DEWEY DECIMAL CLASSIFICATION NUMBER | |
| Classification number | 344.7 |
| Item number | AVA |
| 245 00 - TITLE STATEMENT | |
| Title | AVANCES, EXPERIENCIA INTERNACIONAL Y RETOS DE LOS SISTEMAS DE AHORRO PARA EL RETIRO : |
| Remainder of title | PONENCIAS DE LA CONFERENCIA CON MOTIVO DEL DECIMO ANIVERSARIO DE LA CONSAR, DESARROLLADA EN LA CIUDAD DE MEXICO EL 5 DE OCTUBRE DE 2004 |
| 250 ## - EDITION STATEMENT | |
| Edition statement | 1a ed. |
| 260 ## - PUBLICATION, DISTRIBUTION, ETC. | |
| Place of publication, distribution, etc. | MEXICO : |
| Name of publisher, distributor, etc. | CONSAR, |
| Date of publication, distribution, etc. | 2006 |
| 300 ## - PHYSICAL DESCRIPTION | |
| Extent | 483 |
| Dimensions | 15 x 1 x 22.9 |
| 490 ## - SERIES STATEMENT | |
| Series statement | VOLVAMOS AL CAMPO |
| 520 ## - SUMMARY, ETC. | |
| Summary, etc. | EN 1994 SE CREÓ LA COMISIÓN NACIONAL DEL SISTEMA DE AHORRO PARA EL RETIRO (CONSAR), EL ORGANISMO REGULADOR Y SUPERVISRO DE LO QUE TRES AÑOS MÁS TARDE SERÍA EL NUEVO SISTEMA DE AHORRO PARA EL RETIRO -SAR. EL NACIMIENTO DLE SISTEMA DE AHARRO PARA EL RETIRO SIGNIFICÓ UN CAMBIO CULTURAL PROFUNDO PORQUE A DIFERENCIA DE LO QUE SUCEDÍA EN EL PASADO, PUSO A AL TRABAJADOR EN EL CENTRO DE LAS DECISIONES SOBRE EL AHORRO PARA SU RETIRO, CEDIÉNDOLE DESDE EL MOMENTO EN QUE INGRESA AL MERCADO LABORAL |
| 650 14 - SUBJECT ADDED ENTRY--TOPICAL TERM | |
| Topical term or geographic name entry element | SISTEMA DE AHORRO PARA EL RETIRO (SAR) |
| Withdrawn status | Lost status | Source of classification or shelving scheme | Damaged status | Not for loan | Collection code | Home library | Current library | Shelving location | Date acquired | Source of acquisition | Inventory number | Total Checkouts | Full call number | Barcode | Date last seen | Price effective from | Koha item type |
|---|---|---|---|---|---|---|---|---|---|---|---|---|---|---|---|---|---|
| Dewey Decimal Classification | General | Biblioteca Karol Wojtyla | Biblioteca Karol Wojtyla | Sala general | 03/12/2013 | Compra | 151000000000000000046781 | 344.7 AVA | 73334 | 05/01/2026 | 03/12/2013 | Libro |